[Event "Saint-Lô Open Jeunes -2000"]
[Site "Saint-Lô"]
[Date "2014.07.08"]
[Round "4.2"]
[White "De Feijter, Bas"]
[Black "Perche, Louis"]
[Result "1/2-1/2"]
[WhiteElo "1895"]
[BlackElo "1744"]
[PlyCount "75"]
[EventCountry "FRA"]
[SourceDate "2014.07.06"]

1. d4 Nf6 2. c4 g6 3. g3 Bg7 4. Bg2 O-O 5. Nc3 c5 6. d5 d6 7. Nf3 e6 8. O-O
exd5 9. cxd5 Re8 10. Nd2 a6 11. a4 b6 12. Nc4 Bb7 13. Qb3 b5 14. axb5 axb5 15.
Rxa8 Bxa8 16. Qxb5 Bf8 17. Bf4 Qc7 18. Qb6 Qxb6 19. Nxb6 Nbd7 20. Nxa8 Rxa8 21.
Nb5 Rb8 22. Nxd6 Rxb2 23. Re1 Rc2 24. Nb5 c4 25. Nd4 Rb2 26. Rc1 Bc5 27. Rxc4
Rb1+ 28. Bf1 Nxd5 29. e3 Nxf4 30. gxf4 Kg7 31. Kg2 Rb4 32. Rxb4 Bxb4 33. Kf3
Nc5 34. Bc4 f5 35. Nc6 Bc3 36. Ke2 Kf6 37. f3 h6 38. Kf2 1/2-1/2

[Event "Saint-Lô Open Jeunes -2000"]
[Site "Saint-Lô"]
[Date "2014.07.08"]
[Round "4.3"]
[White "Seignat, Florian"]
[Black "Jamar, Vadim"]
[Result "1-0"]
[WhiteElo "1744"]
[BlackElo "1881"]
[PlyCount "61"]
[EventCountry "FRA"]
[SourceDate "2014.07.06"]

1. d4 Nf6 2. Bg5 c5 3. Bxf6 gxf6 4. d5 d6 5. c4 Bg7 6. Nc3 Bf5 7. e4 Bg6 8. Bd3
Qc8 9. Qc2 O-O 10. Nge2 e5 11. Ng3 Na6 12. Qe2 Qd7 13. h4 h6 14. h5 Bh7 15. Rh3
Nc7 16. Nd1 f5 17. Nxf5 Bxf5 18. exf5 b5 19. Rg3 f6 20. cxb5 Nxd5 21. Bc4 Kh8
22. Bxd5 Rab8 23. Be6 Qxb5 24. Qxb5 Rxb5 25. b3 Rd8 26. Nc3 Rb4 27. Bc4 a5 28.
Rd1 Rb7 29. Rgd3 Bf8 30. Ne4 Rg7 31. g3 1-0

[Event "Saint-Lô Open Jeunes -2000"]
[Site "Saint-Lô"]
[Date "2014.07.08"]
[Round "4.4"]
[White "Viel, Simon"]
[Black "Gagarin, Vasily"]
[Result "0-1"]
[WhiteElo "1723"]
[BlackElo "1857"]
[PlyCount "114"]
[EventCountry "FRA"]
[SourceDate "2014.07.06"]

1. e4 e6 2. d4 d5 3. e5 c5 4. Qg4 cxd4 5. Bd3 Nc6 6. Nf3 Qc7 7. Bf4 Nge7 8. O-O
Ng6 9. Bxg6 hxg6 10. a3 a5 11. Rd1 Bc5 12. Nbd2 a4 13. b4 Bb6 14. Nf1 Na7 15.
Rd2 Nb5 16. Ne1 Nc3 17. Ng3 Bd7 18. Ne2 Ne4 19. Rdd1 Qc4 20. Bg3 Bb5 21. Rd3
Qc7 22. Rdd1 Bxe2 23. Qxe2 Nc3 24. Qd3 Nxd1 25. Rxd1 Rc8 26. f4 Qc3 27. Bf2
Qxd3 28. Rxd3 Kd7 29. Bxd4 Bxd4+ 30. Rxd4 Rc3 31. Rd3 Rhc8 32. Kf1 Rxd3 33.
Nxd3 Rxc2 34. Nc5+ Rxc5 35. bxc5 Kc6 36. Ke2 Kxc5 37. Kd3 b5 38. Kc3 d4+ 39.
Kd3 b4 40. axb4+ Kxb4 41. Kxd4 a3 42. g4 a2 43. f5 a1=Q+ 44. Ke4 gxf5+ 45. gxf5
Qb1+ 46. Kf4 Qxf5+ 47. Kg3 Qxe5+ 48. Kg2 Qf4 49. Kh3 Kc3 50. Kg2 Kd3 51. h4
Qxh4 52. Kf3 Qe4+ 53. Kf2 Qe3+ 54. Kg2 Ke4 55. Kf1 Qd2 56. Kg1 Kf3 57. Kh1 Qg2#
0-1

[Event "Saint-Lô Open Jeunes -2000"]
[Site "Saint-Lô"]
[Date "2014.07.08"]
[Round "4.5"]
[White "Bouvet, Florian"]
[Black "Gely, Yann"]
[Result "1-0"]
[WhiteElo "1854"]
[BlackElo "1709"]
[PlyCount "153"]
[EventCountry "FRA"]
[SourceDate "2014.07.06"]

1. e4 c5 2. Nf3 d6 3. d4 cxd4 4. Qxd4 Nc6 5. Bb5 Bd7 6. Bxc6 Bxc6 7. Nc3 Nf6 8.
Bg5 e5 9. Qd3 Be7 10. O-O-O O-O 11. Bxf6 Bxf6 12. Qxd6 Qa5 13. Qd3 b5 14. Kb1
Qb6 15. Qe2 Rfd8 16. Nd5 Bxd5 17. Rxd5 Rxd5 18. exd5 Rd8 19. Nxe5 Qd4 20. Re1
Qxd5 21. Nd3 g6 22. Qe4 Qd6 23. f4 a5 24. g4 a4 25. a3 Rd7 26. Qa8+ Rd8 27.
Re8+ Kg7 28. Rxd8 Bxd8 29. Qb7 Qb6 30. Qxb6 Bxb6 31. Kc1 Kf6 32. Kd2 Ke6 33.
Kc3 Ba5+ 34. Kd4 Bb6+ 35. Ke4 f5+ 36. gxf5+ gxf5+ 37. Kf3 Kd5 38. Nb4+ Kc4 39.
Nc6 Bd4 40. Ne5+ Kd5 41. Nd3 Bf6 42. b3 axb3 43. cxb3 Kd4 44. Nb4 Kc5 45. Nc2
Kd5 46. a4 bxa4 47. bxa4 Bd8 48. Ne3+ Ke6 49. Nc4 Kd5 50. Ne5 h5 51. Nf7 Ba5
52. h3 Bc3 53. Nd8 Kd6 54. a5 Kc7 55. Ne6+ Kc6 56. a6 Kb6 57. Ke3 Kxa6 58. Nd4
Kb6 59. Nxf5 Kc6 60. Ng3 h4 61. Nf5 Bf6 62. Ke4 Bd8 63. Ne3 Kd6 64. Kf5 Ke7 65.
Kg6 Kf8 66. f5 Ba5 67. Ng2 Bc3 68. f6 Bb4 69. Nxh4 Kg8 70. Nf5 Bf8 71. Nd4 Bd6
72. Ne6 Bb4 73. f7+ Kh8 74. f8=Q+ Bxf8 75. Nxf8 Kg8 76. Nh7 Kh8 77. h4 1-0

[Event "Saint-Lô Open Jeunes -2000"]
[Site "Saint-Lô"]
[Date "2014.07.09"]
[Round "4.6"]
[White "Gora, Antonina"]
[Black "Gennesseaux, Blaise"]
[Result "1-0"]
[WhiteElo "1832"]
[BlackElo "1662"]
[PlyCount "65"]
[EventCountry "FRA"]
[SourceDate "2014.07.06"]

1. e4 d5 2. exd5 Qxd5 3. Nc3 Qa5 4. Nf3 Nf6 5. Bc4 Bf5 6. O-O Nbd7 7. a3 e6 8.
Rb1 c6 9. b4 Qc7 10. Ne2 Bd6 11. Ng3 Bg4 12. d4 h5 13. Re1 O-O-O 14. Be2 Nd5
15. Rb3 Nf4 16. c4 Nxe2+ 17. Qxe2 Nf6 18. c5 Bxg3 19. fxg3 Rxd4 20. Bf4 Bxf3
21. Rxf3 Qd8 22. Qe5 b6 23. Qb8+ Kd7 24. Qxa7+ Ke8 25. cxb6 Nd7 26. b7 Rxf4 27.
gxf4 Ke7 28. a4 Qc7 29. a5 c5 30. bxc5 Qxc5+ 31. Qxc5+ Nxc5 32. Rb1 Rb8 33. Rc3
1-0

[Event "Saint-Lô Open Jeunes -2000"]
[Site "Saint-Lô"]
[Date "2014.07.09"]
[Round "4.7"]
[White "Kavalkou, Pavel"]
[Black "Dory, Manon"]
[Result "1-0"]
[WhiteElo "1820"]
[BlackElo "1651"]
[PlyCount "65"]
[EventCountry "FRA"]
[SourceDate "2014.07.06"]

1. Nf3 d5 2. c4 e6 3. b3 Nf6 4. Bb2 b6 5. g3 Bb7 6. Bg2 Nbd7 7. O-O Be7 8. d4
O-O 9. Nbd2 c5 10. e3 dxc4 11. bxc4 Ne4 12. Nxe4 Bxe4 13. Qb3 Bf6 14. Rfd1 Qc7
15. Nd2 Bxg2 16. Kxg2 Rfd8 17. Ne4 Qb7 18. f3 Rab8 19. dxc5 Bxb2 20. Qxb2 Qc7
21. cxb6 Nxb6 22. c5 Nc4 23. Qc3 Ne5 24. Rab1 h6 25. Rxb8 Rxb8 26. Rd2 Nd7 27.
Qd4 Ne5 28. a4 a5 29. Nd6 Nc6 30. Qc3 Rb4 31. Nb5 Qb7 32. Qc2 Ne5 33. Rd8# 1-0

[Event "Saint-Lô Open Jeunes -2000"]
[Site "Saint-Lô"]
[Date "2014.07.09"]
[Round "4.8"]
[White "Miroi, Robert-Andrei"]
[Black "Kovarski, julien"]
[Result "0-1"]
[WhiteElo "1862"]
[BlackElo "1732"]
[PlyCount "62"]
[EventCountry "FRA"]
[SourceDate "2014.07.06"]

1. e4 e5 2. Nf3 Nc6 3. Nc3 Nf6 4. d4 exd4 5. Nxd4 Nxd4 6. Qxd4 d6 7. Bg5 Be7 8.
O-O-O O-O 9. h4 h6 10. Bf4 Nh5 11. Be3 Bf6 12. Qc4 Be6 13. Qe2 Bxc3 14. Qxh5
Bf6 15. f4 Qd7 16. f5 Bxa2 17. Rh3 Qa4 18. Bd3 d5 19. Rg3 dxe4 20. Bxh6 Qb4 21.
Bxg7 Qxb2+ 22. Kd2 Qc3+ 23. Ke2 Bxg7 24. Qg5 exd3+ 25. Rdxd3 Rae8+ 26. Kf3 Qe5
27. Kg4 Qf6 28. Qf4 Re5 29. Rdf3 Bd5 30. Re3 Rxe3 31. Qxe3 Qd4+ 0-1

[Event "Saint-Lô Open Jeunes -2000"]
[Site "Saint-Lô"]
[Date "2014.07.09"]
[Round "4.9"]
[White "Carlier, Nathan"]
[Black "Khodarchenko, Vasily"]
[Result "1-0"]
[WhiteElo "1521"]
[BlackElo "1803"]
[PlyCount "116"]
[EventCountry "FRA"]
[SourceDate "2014.07.06"]

1. e4 c5 2. c3 e6 3. Nf3 Nc6 4. d4 cxd4 5. cxd4 Nf6 6. Nc3 Bb4 7. Bg5 Bxc3+ 8.
bxc3 Qa5 9. e5 Ne4 10. Bd2 b5 11. Qc2 Nxd2 12. Qxd2 Bb7 13. Be2 Ne7 14. Rb1 a6
15. c4 Qxd2+ 16. Kxd2 Be4 17. Rb2 bxc4 18. Bxc4 Bxf3 19. gxf3 Nc6 20. Ke3 Ke7
21. f4 Rhc8 22. Bd3 d6 23. Rb7+ Ke8 24. exd6 Rd8 25. Rb6 Rxd6 26. Rc1 Kd7 27.
Be4 Rc8 28. Rxa6 Ne7 29. Ra7+ Kd8 30. Rxc8+ Nxc8 31. Rxf7 Nb6 32. Bd3 Nd5+ 33.
Kf3 Nf6 34. Bc4 Nh5 35. Ke3 Ke8 36. Ra7 Nf6 37. h3 Kf8 38. Ra6 Nd5+ 39. Kf3 Nb6
40. Bb5 Ke7 41. a4 Kd8 42. a5 Nc8 43. Rxd6+ Nxd6 44. Bd3 h6 45. f5 exf5 46. Kf4
g6 47. Ke5 Nb7 48. a6 Na5 49. d5 Kc7 50. Ke6 Nb3 51. Kf6 Nc5 52. Bc4 Nd7+ 53.
Ke7 Nb6 54. d6+ Kc6 55. Be6 f4 56. d7 Nxd7 57. Bxd7+ Kb6 58. Bc8 g5 1-0

[Event "Saint-Lô Open Jeunes -2000"]
[Site "Saint-Lô"]
[Date "2014.07.09"]
[Round "4.10"]
[White "Guerlach, Keigo"]
[Black "Schelleman, Iris"]
[Result "1-0"]
[WhiteElo "1761"]
[BlackElo "1656"]
[PlyCount "131"]
[EventCountry "FRA"]
[SourceDate "2014.07.06"]

1. g3 e5 2. Bg2 d5 3. d3 h6 4. Nf3 Nc6 5. c4 d4 6. a3 f5 7. e3 Nf6 8. b4 dxe3
9. Bxe3 e4 10. dxe4 Qxd1+ 11. Kxd1 Nxe4 12. Nbd2 Nxd2 13. Nxd2 Bd7 14. Kc2
O-O-O 15. Nb3 Kb8 16. Nc5 Bxc5 17. Bxc5 Rhe8 18. Rhe1 g5 19. Rad1 Rxe1 20. Rxe1
Re8 21. Rxe8+ Bxe8 22. f4 g4 23. Kc3 b6 24. Bf8 h5 25. Bd5 Nd8 26. Kd4 c6 27.
Bg8 Bf7 28. Bxf7 Nxf7 29. b5 Kc7 30. a4 Kd7 31. c5 cxb5 32. axb5 Ke6 33. Kc4
bxc5 34. Bxc5 Nd6+ 35. Bxd6 Kxd6 36. Kd4 Kc7 37. Ke5 Kb6 38. Kxf5 Kxb5 39. Kg6
a5 40. f5 a4 41. f6 a3 42. f7 a2 43. f8=Q a1=Q 44. Qf5+ Kb4 45. Kxh5 Qh8+ 46.
Kxg4 Qxh2 47. Qf4+ Kc3 48. Kg5 Qh1 49. Qe5+ Kc4 50. g4 Qh7 51. Qe6+ Kd4 52. Qg6
Qc7 53. Qf6+ Kd3 54. Kg6 Qb8 55. g5 Qg8+ 56. Kh6 Qa2 57. Qf5+ Ke3 58. g6 Qh2+
59. Qh5 Qd6 60. Kh7 Qd7+ 61. g7 Qb7 62. Qe5+ Kd3 63. Qg3+ Kc4 64. Qg4+ Kd3 65.
Qd1+ Kc4 66. Qc1+ 1-0

[Event "Saint-Lô Open Jeunes -2000"]
[Site "Saint-Lô"]
[Date "2014.07.09"]
[Round "5.1"]
[White "Gagarin, Vasily"]
[Black "Gora, Antonina"]
[Result "0-1"]
[WhiteElo "1857"]
[BlackElo "1832"]
[PlyCount "78"]
[EventCountry "FRA"]
[SourceDate "2014.07.06"]

1. e4 c5 2. Nf3 d6 3. c3 Nf6 4. h3 Nc6 5. Bd3 d5 6. e5 Nd7 7. e6 fxe6 8. Ng5
Nf6 9. Qc2 Qc7 10. O-O e5 11. Bxh7 e4 12. Bg6+ Kd7 13. f4 Rh6 14. Bf5+ Ke8 15.
Bxc8 Rxc8 16. d3 exd3 17. Qxd3 c4 18. Qf5 Nd8 19. Nd2 Qb6+ 20. Kh1 e6 21. Qc2
Ng4 22. Ndf3 Bc5 23. Ne5 Nf6 24. Qe2 Nc6 25. f5 Nh5 26. Rf3 Nxe5 27. Qxe5 Bd6
28. Qe1 e5 29. Ne6 Rh7 30. Be3 Qb5 31. Bd4 e4 32. Ng5 Rh6 33. g4 Kd7 34. Nf7
exf3 35. gxh5 Qxb2 36. Bf2 Re8 37. Qb1 Qxf2 38. Qxb7+ Bc7 39. Qxd5+ Ke7 0-1

[Event "Saint-Lô Open Jeunes -2000"]
[Site "Saint-Lô"]
[Date "2014.07.09"]
[Round "5.2"]
[White "Kavalkou, Pavel"]
[Black "Bouvet, Florian"]
[Result "1-0"]
[WhiteElo "1820"]
[BlackElo "1854"]
[PlyCount "109"]
[EventCountry "FRA"]
[SourceDate "2014.07.06"]

1. Nf3 Nf6 2. c4 e6 3. b3 b6 4. g3 Bb7 5. Bg2 Be7 6. O-O O-O 7. Bb2 c5 8. e3 d5
9. d4 Nbd7 10. Nbd2 Rc8 11. Rc1 dxc4 12. bxc4 Ne4 13. Nxe4 Bxe4 14. Qb3 Qc7 15.
Nd2 Bxg2 16. Kxg2 Rfd8 17. d5 e5 18. e4 Bd6 19. Qe3 Rf8 20. f4 f5 21. exf5 Rce8
22. fxe5 Bxe5 23. Bxe5 Qxe5 24. Qxe5 Rxe5 25. g4 Re2+ 26. Rf2 Rxf2+ 27. Kxf2 g6
28. Re1 gxf5 29. g5 b5 30. cxb5 Nb6 31. Rc1 Rc8 32. Nb3 c4 33. d6 Rd8 34. Na5
Rxd6 35. Nxc4 Nxc4 36. Rxc4 Rd2+ 37. Kg3 Rxa2 38. h4 Ra5 39. Rc5 a6 40. Rc8+
Kg7 41. Rc7+ Kg6 42. Rc6+ Kg7 43. bxa6 Ra4 44. h5 Kf7 45. Rc7+ Ke6 46. a7 Ke5
47. Re7+ Kd6 48. Rxh7 Ke5 49. Re7+ Kd6 50. Rb7 Ke5 51. h6 Ra3+ 52. Kh4 Ra1 53.
h7 Kf4 54. Kh5 Kg3 55. Kg6 1-0

[Event "Saint-Lô Open Jeunes -2000"]
[Site "Saint-Lô"]
[Date "2014.07.09"]
[Round "5.3"]
[White "Roque, Gaetan"]
[Black "Seignat, Florian"]
[Result "1/2-1/2"]
[WhiteElo "1925"]
[BlackElo "1744"]
[PlyCount "104"]
[EventCountry "FRA"]
[SourceDate "2014.07.06"]

1. d4 Nf6 2. Nf3 c5 3. d5 d6 4. c4 g6 5. Nc3 Bg7 6. h3 O-O 7. Bf4 Nbd7 8. e3 a6
9. Be2 Rb8 10. a4 Re8 11. O-O Nf8 12. Bh2 Bf5 13. Nh4 Bd7 14. e4 g5 15. Nf5
Nxe4 16. Nxg7 Nxc3 17. bxc3 Kxg7 18. Qd2 f6 19. f4 h6 20. Bh5 Qc8 21. Bxe8 Qxe8
22. f5 Bxa4 23. Rfe1 Qd7 24. Qe2 Re8 25. Qh5 b5 26. h4 bxc4 27. hxg5 hxg5 28.
g4 Bb5 29. Bg3 Rb8 30. Ra2 Rb7 31. Rae2 Qd8 32. Kg2 Be8 33. Qh1 Bf7 34. Kg1 Bg8
35. Qe4 Bf7 36. Qxc4 Ra7 37. Qd3 a5 38. c4 Rb7 39. Qc3 a4 40. Bf2 Nh7 41. Ra2
Be8 42. Rb2 Qc7 43. Reb1 Rxb2 44. Rxb2 Nf8 45. Qe1 Kf7 46. Be3 Nd7 47. Qg3 Qa5
48. Rh2 Nf8 49. Bd2 Qb6 50. Qd3 Qb3 51. Qxb3 axb3 52. Ba5 Ba4 1/2-1/2

[Event "Saint-Lô Open Jeunes -2000"]
[Site "Saint-Lô"]
[Date "2014.07.09"]
[Round "5.4"]
[White "Kovarski, Julien"]
[Black "De Feijter, Bas"]
[Result "0-1"]
[WhiteElo "1732"]
[BlackElo "1895"]
[PlyCount "48"]
[EventCountry "FRA"]
[SourceDate "2014.07.06"]

1. d4 f5 2. c4 Nf6 3. Nc3 e6 4. Nf3 Bb4 5. Bd2 b6 6. e3 Bb7 7. a3 Bxc3 8. Bxc3
O-O 9. Be2 d6 10. O-O Qe7 11. b4 Ne4 12. Bb2 Nd7 13. b5 Rf6 14. Ne1 Rh6 15. f4
Qh4 16. Nf3 Qh5 17. h3 Ng3 18. Rf2 Nxe2+ 19. Qxe2 Rg6 20. Kf1 Nf6 21. Ng5 Qh4
22. e4 Bxe4 23. Nxe6 Ng4 24. Nxc7 Bd3 0-1

[Event "Saint-Lô Open Jeunes -2000"]
[Site "Saint-Lô"]
[Date "2014.07.09"]
[Round "5.5"]
[White "Perche, Louis"]
[Black "Guerlach, Keigo"]
[Result "1-0"]
[WhiteElo "1744"]
[BlackElo "1761"]
[PlyCount "75"]
[EventCountry "FRA"]
[SourceDate "2014.07.06"]

1. e4 g6 2. d4 Bg7 3. Nc3 d6 4. Bc4 Nf6 5. Bg5 c6 6. a4 b6 7. Nge2 Bb7 8. d5 c5
9. f4 Nfd7 10. O-O Na6 11. Nb5 Bf6 12. c3 Bxg5 13. fxg5 Ne5 14. Bb3 O-O 15. Na3
Nb8 16. Nf4 Nbd7 17. Nc2 Ba6 18. Re1 Qc7 19. Ne3 Rad8 20. h4 Kg7 21. h5 Rfe8
22. Qd2 Rf8 23. Qf2 Rfe8 24. Qh4 Rh8 25. h6+ Kf8 26. Ne6+ fxe6 27. dxe6 Ke8 28.
Nd5 Qb7 29. exd7+ Qxd7 30. Rad1 Rc8 31. Ne3 Rf8 32. Rd5 Qc7 33. Ng4 Nxg4 34.
Qxg4 Qd7 35. Qg3 Bb7 36. Rd2 Qc7 37. Be6 Rd8 38. Rf2 1-0

[Event "Saint-Lô Open Jeunes -2000"]
[Site "Saint-Lô"]
[Date "2014.07.09"]
[Round "5.6"]
[White "Marie, Florian"]
[Black "Carlier, Nathan"]
[Result "1-0"]
[WhiteElo "1752"]
[BlackElo "1521"]
[PlyCount "59"]
[EventCountry "FRA"]
[SourceDate "2014.07.06"]

1. d4 d5 2. e3 Nf6 3. Bd3 e6 4. f4 c5 5. c3 Nc6 6. Nf3 Be7 7. O-O Bd7 8. Nbd2
c4 9. Bc2 b5 10. Ne5 a5 11. e4 O-O 12. Nxc6 Bxc6 13. e5 Nd7 14. f5 exf5 15.
Bxf5 Nb6 16. Qe2 Bd7 17. e6 Bxe6 18. Bxe6 fxe6 19. Qxe6+ Kh8 20. Rxf8+ Bxf8 21.
Nf3 Qd6 22. Qe2 Qe7 23. Ne5 Qe6 24. Bf4 Kg8 25. Re1 Re8 26. Qh5 Nd7 27. Nf3 Qg6
28. Qxd5+ Qf7 29. Qxf7+ Kxf7 30. Ng5+ 1-0

[Event "Saint-Lô Open Jeunes -2000"]
[Site "Saint-Lô"]
[Date "2014.07.09"]
[Round "5.7"]
[White "Jamar, Vadim"]
[Black "Juran, Baptiste"]
[Result "1-0"]
[WhiteElo "1881"]
[BlackElo "1349"]
[PlyCount "49"]
[EventCountry "FRA"]
[SourceDate "2014.07.06"]

1. e4 e6 2. d4 d5 3. e5 c5 4. c3 Nc6 5. Nf3 Qb6 6. a3 c4 7. Nbd2 g6 8. Be2 Bg7
9. b4 cxb3 10. Nxb3 Bd7 11. Bd2 Nge7 12. Nc5 Qc7 13. h4 b6 14. Nd3 Na5 15. h5
h6 16. hxg6 fxg6 17. Nf4 O-O 18. Bd3 Nc4 19. Nxg6 Nxg6 20. Bxg6 Nxd2 21. Qxd2
Rac8 22. Rc1 Bb5 23. Qc2 Qe7 24. Nh4 Qxa3 25. Bh7+ 1-0

[Event "Saint-Lô Open Jeunes -2000"]
[Site "Saint-Lô"]
[Date "2014.07.09"]
[Round "5.8"]
[White "Trost, Martin"]
[Black "Marica, Ruxandra"]
[Result "1/2-1/2"]
[WhiteElo "1838"]
[BlackElo "1611"]
[PlyCount "92"]
[EventCountry "FRA"]
[SourceDate "2014.07.06"]

1. e4 e5 2. Nf3 Nf6 3. Nxe5 d6 4. Nf3 Nxe4 5. d3 Nf6 6. d4 d5 7. c4 Be6 8. Nc3
dxc4 9. Ng5 Qd7 10. Nxe6 Qxe6+ 11. Be3 c6 12. a4 Bb4 13. Be2 O-O 14. O-O Bxc3
15. bxc3 b5 16. axb5 cxb5 17. Bf3 Nd5 18. Re1 Nc6 19. Qd2 a5 20. Bg5 Qd7 21.
Re5 Nxe5 22. dxe5 Nb6 23. Qxd7 Nxd7 24. Bxa8 Rxa8 25. f4 Nc5 26. Be7 Nb3 27.
Ra2 Rb8 28. Bd6 Ra8 29. f5 Re8 30. g4 g6 31. h4 gxf5 32. gxf5 Kg7 33. Kh2 Kh6
34. Kh3 b4 35. cxb4 axb4 36. Bxb4 Rxe5 37. Ra6+ Kh5 38. Rf6 Re3+ 39. Kg2 c3 40.
Rc6 Nd4 41. Rc4 Nxf5 42. Bxc3 Nxh4+ 43. Kf2 Re6 44. Rc5+ Kg6 45. Kg3 Nf5+ 46.
Kf4 h5 1/2-1/2

[Event "Saint-Lô Open Jeunes -2000"]
[Site "Saint-Lô"]
[Date "2014.07.09"]
[Round "5.9"]
[White "Niepceron, Luc"]
[Black "Remacle, Auguste"]
[Result "1-0"]
[WhiteElo "1822"]
[BlackElo "1601"]
[PlyCount "81"]
[EventCountry "FRA"]
[SourceDate "2014.07.06"]

1. e4 e5 2. Nf3 Nc6 3. Bc4 Bc5 4. c3 Nf6 5. d3 d5 6. exd5 Nxd5 7. Nbd2 Be6 8.
Ne4 Bb6 9. O-O O-O 10. Ng3 Nf4 11. Bb5 Ng6 12. Re1 f6 13. Be3 Nce7 14. Bxb6
axb6 15. d4 Bg4 16. Be2 exd4 17. Nxd4 Bxe2 18. Qxe2 Re8 19. Qc4+ Qd5 20. Qxc7
Rxa2 21. Rxa2 Qxa2 22. Qxb6 Qd5 23. f3 Kf7 24. Nb3 Rd8 25. Ne4 Qd7 26. Nd4 Ne5
27. Nc5 Qd6 28. Qb3+ Qd5 29. Qxd5+ Nxd5 30. Nxb7 Rb8 31. Nd6+ Kg8 32. c4 Nf4
33. b3 Nfd3 34. Ra1 Rd8 35. N6b5 Re8 36. Nc7 Re7 37. Nd5 Re8 38. h3 Nc5 39. Ra7
Ncd7 40. f4 Nc6 41. Nxc6 1-0

[Event "Saint-Lô Open Jeunes -2000"]
[Site "Saint-Lô"]
[Date "2014.07.09"]
[Round "5.10"]
[White "Dallemagne, Brieuc"]
[Black "Dill, Xaver"]
[Result "0-1"]
[WhiteElo "1601"]
[BlackElo "1824"]
[PlyCount "62"]
[EventCountry "FRA"]
[SourceDate "2014.07.06"]

1. e4 c5 2. c4 Nc6 3. Nc3 d6 4. g3 g6 5. Bg2 Bg7 6. Nge2 e6 7. O-O Nge7 8. a3
O-O 9. Rb1 Nd4 10. b4 Nec6 11. f4 f5 12. d3 cxb4 13. axb4 Nxe2+ 14. Nxe2 Qb6+
15. Kh1 Nxb4 16. Ba3 a5 17. Qa4 Qd8 18. Bxb4 Bd7 19. Qa3 axb4 20. Qxb4 Bc6 21.
Rfd1 Ra2 22. Nc3 Rc2 23. Rbc1 Bxc3 24. Qb3 Rxc1 25. Rxc1 Bg7 26. c5 d5 27. e5
Re8 28. d4 Qa5 29. Qb2 Ra8 30. h4 Qa3 31. Rb1 Qxg3 0-1

[Event "Saint-Lô Open Jeunes -2000"]
[Site "Saint-Lô"]
[Date "2014.07.10"]
[Round "6.1"]
[White "Gora, Antonina"]
[Black "Kavalkou, Pavel"]
[Result "1/2-1/2"]
[WhiteElo "1831"]
[BlackElo "1820"]
[PlyCount "120"]
[EventCountry "FRA"]
[SourceDate "2014.07.06"]

1. e4 Nf6 2. e5 Nd5 3. c4 Nb6 4. d4 d6 5. exd6 exd6 6. Nc3 Bf5 7. Be3 Be7 8.
Rc1 O-O 9. b3 Re8 10. Bd3 Bxd3 11. Qxd3 Nc6 12. Nf3 Bf6 13. O-O d5 14. c5 Nc8
15. Bf4 g5 16. Bg3 g4 17. Ne5 Nxe5 18. dxe5 Bxe5 19. Nxd5 c6 20. Nb4 Qxd3 21.
Nxd3 Bg7 22. Rfe1 Ne7 23. Ne5 Bxe5 24. Bxe5 Nd5 25. Bd6 f6 26. Kf1 Kf7 27. Rc4
h5 28. a3 f5 29. Re2 Rxe2 30. Kxe2 Re8+ 31. Kd2 Re4 32. Bb8 a6 33. Bd6 Nf6 34.
f3 gxf3 35. gxf3 Rxc4 36. bxc4 Ke6 37. Ke3 b5 38. cxb5 axb5 39. Kf4 Nh7 40. h4
Kf6 41. Be5+ Ke6 42. Bc3 Nf6 43. Kg5 Nd7 44. Kxh5 Kf7 45. Bb4 Ne5 46. f4 Nf3
47. Kh6 Nxh4 48. Kg5 Ng6 49. Kxf5 Nf8 50. Ke5 Ke7 51. Kf5 Kf7 52. Bc3 Ne6 53.
Bb4 Nf8 54. Ke5 Ke7 55. f5 Nd7+ 56. Kf4 Kf7 57. Kg5 Nf6 58. Kf4 Nd7 59. Ke4 Ke7
60. Kf4 Kf7 1/2-1/2

[Event "Saint-Lô Open Jeunes -2000"]
[Site "Saint-Lô"]
[Date "2014.07.10"]
[Round "6.2"]
[White "De Feijter, Bas"]
[Black "Marie, Florian"]
[Result "1/2-1/2"]
[WhiteElo "1895"]
[BlackElo "1752"]
[PlyCount "90"]
[EventCountry "FRA"]
[SourceDate "2014.07.06"]

1. d4 Nf6 2. c4 g6 3. g3 Bg7 4. Bg2 d6 5. Nc3 O-O 6. Nf3 c6 7. O-O Qc7 8. e4 e5
9. h3 Nh5 10. g4 Nf4 11. Bxf4 exf4 12. Qd2 f5 13. exf5 gxf5 14. g5 Be6 15. d5
Bf7 16. Qxf4 cxd5 17. Nb5 Qxc4 18. Qxc4 dxc4 19. Nc7 Bxb2 20. Rab1 c3 21. Nd4
Nc6 22. Nxc6 bxc6 23. Nxa8 Rxa8 24. Bxc6 Rc8 25. Bd7 Rc7 26. Bxf5 Bxa2 27. Ra1
Bxa1 28. Rxa1 c2 29. Rc1 Bb1 30. Kf1 Rc5 31. Bd3 a5 32. Ke2 a4 33. Kd2 a3 34.
Bxc2 Bxc2 35. Rxc2 Rxc2+ 36. Kxc2 Kg7 37. f4 Kg6 38. h4 Kf5 39. h5 d5 40. Kb3
d4 41. Kxa3 Kxf4 42. g6 hxg6 43. hxg6 d3 44. Kb2 Ke3 45. g7 d2 1/2-1/2

[Event "Saint-Lô Open Jeunes -2000"]
[Site "Saint-Lô"]
[Date "2014.07.10"]
[Round "6.3"]
[White "Seignat, Florian"]
[Black "Perche, Louis"]
[Result "1/2-1/2"]
[WhiteElo "1744"]
[BlackElo "1744"]
[PlyCount "79"]
[EventCountry "FRA"]
[SourceDate "2014.07.06"]

1. d4 Nf6 2. Bg5 c5 3. Bxf6 gxf6 4. d5 Qb6 5. Qc1 Bg7 6. Nc3 f5 7. e3 d6 8.
Nge2 Na6 9. Nf4 Qb4 10. Bb5+ Kf8 11. Nfe2 Nc7 12. a3 Qa5 13. Bc4 b5 14. Ba2 b4
15. axb4 Qxb4 16. O-O Ba6 17. Bb3 Qg4 18. Ra4 Qg6 19. Nf4 Qg5 20. Re1 Rg8 21.
g3 Bxc3 22. bxc3 Bb5 23. Ra5 c4 24. Ba4 Bxa4 25. Rxa4 a5 26. Rxc4 Na6 27. Qa3
Nc5 28. Ng2 Ne4 29. Qc1 Qf6 30. Qa1 Nd2 31. Rf4 Rg4 32. Qd1 Ne4 33. Qd4 Qxd4
34. cxd4 Rxf4 35. Nxf4 Rc8 36. Rc1 a4 37. Nd3 Nc3 38. Ra1 Ra8 39. Nb4 a3 40.
Na2 1/2-1/2

[Event "Saint-Lô Open Jeunes -2000"]
[Site "Saint-Lô"]
[Date "2014.07.10"]
[Round "6.4"]
[White "Gennesseaux, Blaise"]
[Black "Roque, Gaetan"]
[Result "0-1"]
[WhiteElo "1662"]
[BlackElo "1925"]
[PlyCount "74"]
[EventCountry "FRA"]
[SourceDate "2014.07.06"]

1. e4 Nf6 2. e5 Nd5 3. d4 d6 4. exd6 cxd6 5. c4 Nb6 6. Nf3 g6 7. Nc3 Bg7 8. Be2
O-O 9. O-O Nc6 10. Be3 Bg4 11. b3 d5 12. c5 Nc8 13. Qd2 e6 14. h3 Bxf3 15. Bxf3
N8e7 16. Rfd1 Nf5 17. Ne2 Nh4 18. Bg4 Bf6 19. Ng3 Nf5 20. Nxf5 exf5 21. Bf3 f4
22. Bxf4 Nxd4 23. Rac1 Nxf3+ 24. gxf3 d4 25. Qb4 Qd7 26. Kg2 Qc6 27. Rc4 Rfe8
28. Bc1 Rad8 29. Bb2 Re5 30. Rd3 Rg5+ 31. Kf1 Qc8 32. Bxd4 Qxh3+ 33. Ke2 Rg1
34. Rd1 Rxd1 35. Kxd1 Qh4 36. Qxb7 Rxd4+ 37. Ke1 Qh1+ 0-1

[Event "Saint-Lô Open Jeunes -2000"]
[Site "Saint-Lô"]
[Date "2014.07.10"]
[Round "6.5"]
[White "Dory, Manon"]
[Black "Jamar, Vadim"]
[Result "1/2-1/2"]
[WhiteElo "1653"]
[BlackElo "1881"]
[PlyCount "86"]
[EventCountry "FRA"]
[SourceDate "2014.07.06"]

1. e4 c5 2. c3 d5 3. exd5 Qxd5 4. d4 Nc6 5. Nf3 cxd4 6. cxd4 e5 7. Nc3 Bb4 8.
Bd2 Bxc3 9. Bxc3 e4 10. Ne5 Nxe5 11. dxe5 Ne7 12. Be2 O-O 13. O-O Be6 14. Qc2
Rac8 15. Qa4 a6 16. Rfd1 Qc6 17. Qxc6 Nxc6 18. a3 Rfe8 19. Rd6 Bb3 20. Bd1 Bc4
21. Bc2 Bd3 22. Bxd3 exd3 23. Rxd3 Nxe5 24. Bxe5 Rxe5 25. Rad1 Rce8 26. Kf1 g6
27. Rd7 Rb5 28. b4 a5 29. R7d5 Rxd5 30. Rxd5 axb4 31. axb4 Re7 32. f3 Kg7 33.
Rd6 Kh6 34. Rd5 f5 35. g3 Kg5 36. Kf2 Kf6 37. f4 Kg7 38. Rd6 Kh6 39. Kf3 Kg7
40. Kf2 Kf7 41. Rd5 Kf6 42. Rb5 Kf7 43. Rd5 Kf6 1/2-1/2

[Event "Saint-Lô Open Jeunes -2000"]
[Site "Saint-Lô"]
[Date "2014.07.10"]
[Round "6.6"]
[White "Decaen, Melvyn"]
[Black "Gagarin, Vasily"]
[Result "0-1"]
[WhiteElo "1648"]
[BlackElo "1857"]
[PlyCount "94"]
[EventCountry "FRA"]
[SourceDate "2014.07.06"]

1. e4 e6 2. d4 d5 3. e5 c5 4. c3 Qb6 5. Nf3 Nc6 6. Be2 Bd7 7. O-O Rc8 8. dxc5
Bxc5 9. Nbd2 Qc7 10. Nb3 Nxe5 11. Nxc5 Nxf3+ 12. Bxf3 Qxc5 13. Re1 Ne7 14. Bg5
Bc6 15. Bh5 O-O 16. Bxe7 Qxe7 17. Qd4 Qg5 18. Bf3 b6 19. Re5 Qf6 20. Rae1 Bb5
21. b3 Rfd8 22. Qb4 Bc6 23. Qd4 h6 24. Be2 Qe7 25. Bd3 Qc5 26. Qxc5 bxc5 27. h3
Bb7 28. Bf1 Rd6 29. Rd1 f6 30. Ree1 Kf7 31. Rd2 e5 32. Bc4 Rcd8 33. Be2 f5 34.
Red1 Ke6 35. Bf3 e4 36. Be2 g5 37. Bf1 Ke5 38. Re1 f4 39. Be2 Ba6 40. Bg4 Bc8
41. Bf3 Bf5 42. Kh2 a5 43. g4 Bg6 44. Bd1 Rc8 45. a3 d4 46. c4 e3 47. f3 d3 0-1